000 01133cam a2200289 ia4500
003 SA-RiAUC
005 20250906081703.0
008 250906s2003 sy g 0000p ara c
040 _aAE-AdMPA
_bara
_cSA-RiAUC
_erda
041 1 _aara
_hurd
082 0 4 _a891.439
_qSA-RiAUC
090 _a891.439
_bا ق ب
100 1 _aإقبال، محمد،
_d1877-1938
_eمؤلف.
245 1 0 _aديوان محمد إقبال /
_cإعداد سيد عبد الماجد الغوري.
250 _aالطبعة الأولى.
264 1 _aدمشق ؛
_aبيروت :
_bدار ابن كثير للطباعة والنشر والتوزيع،
_c2003.
300 _a2 مجلد ؛
_c24 × 17 سم.
336 _aنص
_btxt
_2rdacontent
_3كتاب
337 _aبدون وسيط
_bn
_2rdamedia
338 _aمجلد
_bnc
_2rdacarrier
490 1 _aالأعمال الكاملة
650 7 _aالشعر الأردي
_yقرن 20
_2aucsh
700 1 _aالغوري، سيد عبد الماجد،
_d1978-
_eمعد.
830 2 _aالأعمال الكاملة (دار ابن كثير)
942 _2ddc
_cBOOK
949 _aSA-JeALM
_d250906
_ukhaled123
_n1
999 _c11437
_d11437